Computer graphics programming : (Record no. 23159)
[ view plain ]
| 000 -LEADER | |
|---|---|
| fixed length control field | 00494nam a2200193Ia 4500 |
| 001 - CONTROL NUMBER | |
| control field | 20529 |
| 003 - CONTROL NUMBER IDENTIFIER | |
| control field | IN-NITTTR |
| 005 - DATE AND TIME OF LATEST TRANSACTION | |
| control field | 20251114233235.0 |
| 008 - FIXED-LENGTH DATA ELEMENTS--GENERAL INFORMATION | |
| fixed length control field | 251113s9999||||xx |||||||||||||| ||eng|| |
| 040 ## - CATALOGING SOURCE | |
| Language of cataloging | eng |
| 040 ## - CATALOGING SOURCE | |
| Transcribing agency | IN-NITTTR |
| 041 ## - LANGUAGE CODE | |
| Language code of text/sound track or separate title | eng |
| 082 ## - DEWEY DECIMAL CLASSIFICATION NUMBER | |
| Classification number | 006.66 E21C |
| 100 ## - MAIN ENTRY--PERSONAL NAME | |
| Personal name | Enderle, G. |
| 245 #0 - TITLE STATEMENT | |
| Title | Computer graphics programming : |
| Remainder of title | GKS- the graphics standard / |
| Statement of responsibility, etc. | Enderle, G., Kansy, K., Pfaff, G. |
| 700 ## - ADDED ENTRY--PERSONAL NAME | |
| Personal name | Kansy, K. |
| 700 ## - ADDED ENTRY--PERSONAL NAME | |
| Personal name | Pfaff, G. |
| 942 ## - ADDED ENTRY ELEMENTS (KOHA) | |
| Source of classification or shelving scheme | Dewey Decimal Classification |
| Koha item type | Books |
| Withdrawn status | Lost status | Source of classification or shelving scheme | Damaged status | Not for loan | Home library | Current library | Date acquired | Total checkouts | Full call number | Barcode | Date last seen | Price effective from | Koha item type |
|---|---|---|---|---|---|---|---|---|---|---|---|---|---|
| Dewey Decimal Classification | National Institute of Technical Teachers Training & Research | National Institute of Technical Teachers Training & Research | 11/14/2025 | 006.66 E21C | 037262 | 11/14/2025 | 11/14/2025 | Books |